Inovace ve finančnictví: AI zpracovává data klientů
Umelá inteligencia (AI), hlavne ChatGPT, je aktuálna téma. Pracovníci (jednotlivci), ktorí využívajú AI, majú lepšie výsledky. Sú rýchlejší, získavajú viac inšpirácie alebo informácií. Ako sú na tom spoločnosti? Ako ChatGPT technológiu začleniť do inovatívnych produktov pre klientov alebo využiť k p...
Saved in:
| Main Author: | |
|---|---|
| Format: | Book Chapter |
| Language: | Czech |
| Subjects: | |
| Tags: |
No Tags, Be the first to tag this record!
|
MARC
| LEADER | 00000naa a2200000 4500 | ||
|---|---|---|---|
| 001 | 0297397 | ||
| 005 | 20240417075255.5 | ||
| 041 | 0 | |a cze | |
| 044 | |a CZ | ||
| 245 | 1 | 0 | |a Inovace ve finančnictví: AI zpracovává data klientů |c Filip Gloser |
| 520 | |a Umelá inteligencia (AI), hlavne ChatGPT, je aktuálna téma. Pracovníci (jednotlivci), ktorí využívajú AI, majú lepšie výsledky. Sú rýchlejší, získavajú viac inšpirácie alebo informácií. Ako sú na tom spoločnosti? Ako ChatGPT technológiu začleniť do inovatívnych produktov pre klientov alebo využiť k podpore vlastnej prevádzky? Kedy banky a poisťovne zvýšia svoju produktivitu, teda miesto najímania ľudí zapoja AI robotov / AI zamestnancov? | ||
| 610 | 2 | 0 | |a financie |
| 610 | 2 | 0 | |a banky |
| 610 | 2 | 0 | |a poisťovne |
| 610 | 2 | 0 | |a inteligencia umelá |
| 610 | 2 | 0 | |a klienti |
| 610 | 2 | 0 | |a produkty |
| 610 | 2 | 0 | |a inovácie technologické |
| 610 | 2 | 0 | |a produktivita |
| 610 | 2 | 0 | |a zamestnanci |
| 100 | 1 | |a Gloser, Filip | |